000 01404nam0a22002771 4500
001 rc\4293613
005 20250611152018.0
021 _aRU
_b(61-67385)
021 _aRU
_bРг8465
035 _a(NLR Aleph) 008253753
090 _a8352668
_c8352668
100 _a20130416d1961 |||y0rusy50 ca
101 0 _arus
102 _aRU
105 _ay z |||||
200 1 _aТипизация жилища в условиях строительства на Дальнем Востоке
_e(Доклад на секции капитального строительства и пром. строит. материалов Конференции по развитию производит. сил Дальнего Востока)
_fОрг. ком. Конференции по развитию производит. сил Дальнего Востока
210 _aМосква
_cБ. и.
_d1961
215 _a[1], 26 с.
_d20
300 _aПеред загл. авт.: Л. Бумажный, чл.-кор. Акад. строительства и архитектуры
700 1 _aБумажный
_bЛ.О.
_gЛев Осипович
712 0 2 _aКонференция по развитию производительных сил Дальнего Востока (1961; Москва)
801 0 _aRU
_bNLR
_gpsbo
801 1 _aRU
_bELAR
_2rusmarc
852 _aNLR
_j61-4/14248
942 _cBOOK
980 _aNB